Artificial Neural Networks Methods & Applications (Record no. 25513)

MARC details
000 -LEADER
fixed length control field 00356nam a22001457a 4500
003 - CONTROL NUMBER IDENTIFIER
control field OSt
005 - DATE AND TIME OF LATEST TRANSACTION
control field 20211231105657.0
008 - FIXED-LENGTH DATA ELEMENTS--GENERAL INFORMATION
fixed length control field 211231b |||||||| |||| 00| 0 eng d
020 ## - INTERNATIONAL STANDARD BOOK NUMBER
International Standard Book Number 9788184898941
040 ## - CATALOGING SOURCE
Transcribing agency HU
082 ## - DEWEY DECIMAL CLASSIFICATION NUMBER
Classification number 006.32
100 ## - MAIN ENTRY--PERSONAL NAME
Personal name Livingstone
9 (RLIN) 26592
245 ## - TITLE STATEMENT
Title Artificial Neural Networks Methods & Applications
942 ## - ADDED ENTRY ELEMENTS (KOHA)
Source of classification or shelving scheme Dewey Decimal Classification
Koha item type Books like text book referance book
Suppress in OPAC No
Holdings
Withdrawn status Lost status Source of classification or shelving scheme Damaged status Not for loan Home library Current library Shelving location Date acquired Total Checkouts Full call number Barcode Date last seen Copy number Price effective from Koha item type
    Dewey Decimal Classification     IoT Library IoT Library General Stacks 12/31/2021   006.32/LIV2008 IOTL0003373 12/31/2021 1 12/31/2021 Books like text book referance book
    Dewey Decimal Classification     IoT Library IoT Library General Stacks 12/31/2021   006.32/LIV2008 IOTL0003374 12/31/2021 2 12/31/2021 Books like text book referance book
    Dewey Decimal Classification     IoT Library IoT Library General Stacks 12/31/2021   006.32/LIV2008 IOTL0003375 12/31/2021 3 12/31/2021 Books like text book referance book
    Dewey Decimal Classification     IoT Library IoT Library General Stacks 03/04/2022   006.32/LIV2008 IOTL0015990 03/04/2022 4 03/04/2022 Books like text book referance book
    Dewey Decimal Classification     IoT Library IoT Library General Stacks 03/04/2022   006.32/LIV2008 IOTL0015991 03/04/2022 5 03/04/2022 Books like text book referance book